LEADER 01131nam0 22002651i 450 001 UON00097754 005 20231205102540.321 100 $a20020107d1982 |0itac50 ba 101 $aita 102 $aIT 105 $a|||| 1|||| 200 1 $aDocumentazione e biblioteconomia$eManuale per i servizi di informazione e le biblioteche speciali italiane$fA cura di Maria Pia Carosella e Maria Valenti$gPresentazione di Paolo Bisogno 210 $aMilano$cF. Angeli$dc1982 215 $a524 p.$d cm 410 1$1001UON00088356$12001 $aManuali professionali$v57 620 $aIT$dMilano$3UONL000005 702 1$aCAROSELLA$bMaria Pia$3UONV063440 702 1$aVALENTI$bMaria$3UONV063441 712 $aAngeli$3UONV277541$4650 801 $aIT$bSOL$c20260116$gRICA 899 $aSIBA - SISTEMA BIBLIOTECARIO DI ATENEO E ARCHIVIO STORICO$2UONSI 912 $aUON00097754 950 $aSIBA - SISTEMA BIBLIOTECARIO DI ATENEO E ARCHIVIO STORICO$dSI BIBL MC 006 $eSI MC 7943 5 996 $aDocumentazione e biblioteconomia$9114129 997 $aUNIOR